[Event "4NCL Online Division 6"]
[Site "online"]
[Date "2021.01.26"]
[Round "1.82"]
[White "Castaneda, William"]
[Black "Sheard, Jack"]
[Result "1-0"]
[WhiteElo "1653"]
[BlackElo "1856"]
[PlyCount "97"]
[EventDate "2021.01.26"]
[WhiteTeam "Maidenhead 2"]
[BlackTeam "Redbridge All Sorts 2"]

1. e4 e6 2. Nf3 b6 3. d4 Bb7 4. Nc3 Bb4 5. Bd3 Nf6 6. Bg5 h6 7. Bxf6 Qxf6 8.
Qd2 d5 9. e5 Qd8 10. a3 Be7 11. O-O c5 12. Bb5+ Bc6 13. a4 O-O 14. Bd3 cxd4 15.
Nb5 a5 16. Nbxd4 Qc7 17. c3 Bb7 18. Nb5 Qd7 19. Bc2 Nc6 20. Qd3 g6 21. h4 h5
22. Qe3 Rfd8 23. Nbd4 Bc5 24. Qh6 Bf8 25. Qg5 Nxd4 26. Nxd4 Ba6 27. Rfe1 Rac8
28. Re3 Qe7 29. Qf4 Kh7 30. Rg3 Bh6 31. Qf3 Kh8 32. Rd1 Rc7 33. Bxg6 fxg6 34.
Rxg6 Bg7 35. Qxh5+ Kg8 36. Nxe6 Rcc8 37. Rxg7+ Qxg7 38. Nxg7 Kxg7 39. Qg5+ Kf7
40. Qf6+ Kg8 41. Qxb6 Bc4 42. Rd4 Re8 43. Qf6 Be2 44. Qg6+ Kh8 45. f3 Bxf3 46.
Qh6+ Kg8 47. gxf3 Rxe5 48. Qg6+ Kh8 49. Qf6+ 1-0

[Event "4NCL Online Division 6"]
[Site "online"]
[Date "2021.01.26"]
[Round "1.83"]
[White "Muhunthan, Charukgan"]
[Black "Nallaperumal, Kasi Veshagan"]
[Result "1-0"]
[WhiteElo "1802"]
[BlackElo "1495"]
[PlyCount "111"]
[EventDate "2021.01.26"]
[WhiteTeam "Redbridge All Sorts 2"]
[BlackTeam "Maidenhead 2"]

1. e4 e5 2. Nf3 Nf6 3. Nxe5 Nc6 4. Nxc6 dxc6 5. e5 Ne4 6. d4 c5 7. Be3 Be7 8.
d5 O-O 9. Be2 Bh4 10. g3 Bg5 11. f4 Be7 12. Bf3 Bf5 13. g4 Bh4+ 14. Kf1 c6 15.
gxf5 cxd5 16. Bxe4 dxe4 17. Qxd8 Raxd8 18. Nc3 b6 19. Nxe4 Be7 20. Kf2 f6 21.
e6 Rd5 22. c4 Rxf5 23. Ng3 Re5 24. fxe5 fxe5+ 25. Ke2 Rf6 26. Rad1 Rxe6 27. Rd7
a5 28. Nf5 Bf6 29. Rg1 Kf8 30. Nxg7 Re7 31. Rxe7 Bxe7 32. Nf5 Bf6 33. Bh6+ Kf7
34. Rd1 Kg6 35. Rf1 e4 36. Bf8 Bxb2 37. Bd6 Kf6 38. Bc7 Bc3 39. Bxb6 Bb4 40.
Ke3 Ke5 41. Bc7+ Ke6 42. Kxe4 Kd7 43. Be5 Ke6 44. Ne3 Bd2 45. Rf6+ Ke7 46. Nf5+
Kd7 47. Rd6+ Ke8 48. Rxd2 Kf7 49. Rd5 h5 50. Rxc5 Kg6 51. Rxa5 Kg5 52. h3 h4
53. Bf4+ Kh5 54. Ne3+ Kg6 55. Ra6+ Kh5 56. Rh6# 1-0

[Event "4NCL Online Division 6"]
[Site "online"]
[Date "2021.01.26"]
[Round "1.84"]
[White "Koppuravuri, Shrihan"]
[Black "Korossy, Nandi"]
[Result "1-0"]
[WhiteElo "1475"]
[BlackElo "1817"]
[PlyCount "105"]
[EventDate "2021.01.26"]
[WhiteTeam "Maidenhead 2"]
[BlackTeam "Redbridge All Sorts 2"]

1. e4 e5 2. Nf3 Nc6 3. Bc4 Bc5 4. O-O Nf6 5. d3 h6 6. a3 O-O 7. Nc3 d6 8. h3
Be6 9. Nd5 Bxd5 10. exd5 Ne7 11. d4 exd4 12. Nxd4 Nexd5 13. Nf5 Ne7 14. Ne3 d5
15. Bd3 c6 16. Ng4 Nxg4 17. Qxg4 Qd6 18. b4 Bb6 19. Re1 Qf6 20. Be3 Bxe3 21.
fxe3 Ng6 22. Rf1 Qe6 23. Qxe6 fxe6 24. Bxg6 Rf6 25. Rxf6 gxf6 26. Rf1 Kg7 27.
Bh5 e5 28. Kh2 Rf8 29. Kg3 b6 30. Kf3 f5 31. Ke2 c5 32. g4 f4 33. exf4 exf4 34.
bxc5 bxc5 35. Kd3 Rf6 36. Rf3 Kf8 37. c4 d4 38. Ke4 Ke7 39. Rxf4 Rxf4+ 40. Kxf4
Ke6 41. Ke4 a6 42. a4 a5 43. h4 Kf6 44. Kd5 d3 45. g5+ hxg5 46. hxg5+ Kxg5 47.
Bd1 Kf4 48. Kxc5 Ke3 49. Kb5 Kd4 50. c5 Kd5 51. Kb6 d2 52. c6 Kd6 53. c7 1-0

[Event "4NCL Online Division 6"]
[Site "online"]
[Date "2021.01.26"]
[Round "1.91"]
[White "Oates, Thomas"]
[Black "Rodrigo, Y Jan"]
[Result "1-0"]
[WhiteElo "1645"]
[BlackElo "1799"]
[PlyCount "41"]
[EventDate "2021.01.26"]
[WhiteTeam "Jan Luke's Cyberwarriors"]
[BlackTeam "Camborne Pendarves"]

1. d4 g6 2. e4 Bg7 3. Nf3 d6 4. h3 Nf6 5. Nc3 O-O 6. Bd3 e5 7. dxe5 dxe5 8.
Nxe5 Re8 9. Nf3 Nxe4 10. Nxe4 f5 11. Bc4+ Kf8 12. Qxd8 Rxd8 13. Nc3 c6 14. O-O
b5 15. Bb3 a5 16. a4 b4 17. Ne2 Ba6 18. Re1 c5 19. Ng5 Bxe2 20. Ne6+ Ke7 21.
Nxd8 1-0

[Event "4NCL Online Division 6"]
[Site "online"]
[Date "2021.01.26"]
[Round "1.92"]
[White "Smith, Richard AL"]
[Black "Nancarrow, Richard"]
[Result "1-0"]
[WhiteElo "1728"]
[BlackElo "1546"]
[PlyCount "81"]
[EventDate "2021.01.26"]
[WhiteTeam "Camborne Pendarves"]
[BlackTeam "Jan Luke's Cyberwarriors"]

1. e4 e5 2. f4 exf4 3. Nf3 d6 4. Bc4 Be7 5. O-O Nf6 6. d3 O-O 7. Bxf4 Be6 8.
Bb3 Bxb3 9. axb3 Nh5 10. Be3 Nf6 11. Rxa7 Rxa7 12. Bxa7 b6 13. Bxb8 Qxb8 14.
Nc3 c6 15. Nd4 Rc8 16. Nf5 Bf8 17. Qf3 Qc7 18. Qh3 Ra8 19. g4 h6 20. Nxh6+ gxh6
21. Rxf6 Bg7 22. Rf1 Qe7 23. Qf3 Ra7 24. Qf5 Rc7 25. Ne2 Bxb2 26. c3 Ba3 27. b4
c5 28. Nf4 cxb4 29. cxb4 Rc1 30. Rxc1 Bxc1 31. Nd5 Qe6 32. Kg2 Qxf5 33. gxf5
Ba3 34. Kf3 Kg7 35. Ke3 Bc1+ 36. Kd4 Bb2+ 37. Kc4 h5 38. Nxb6 h4 39. h3 Kf6 40.
Nd5+ Ke5 41. b5 1-0

[Event "4NCL Online Division 6"]
[Site "online"]
[Date "2021.01.26"]
[Round "1.93"]
[White "Spargo, Philip J"]
[Black "Macphail, Kieran"]
[Result "0-1"]
[WhiteElo "1438"]
[BlackElo "1659"]
[PlyCount "76"]
[EventDate "2021.01.26"]
[WhiteTeam "Jan Luke's Cyberwarriors"]
[BlackTeam "Camborne Pendarves"]

1. e4 c5 2. d3 e6 3. Nf3 Nc6 4. Be2 d5 5. exd5 exd5 6. c3 Nf6 7. d4 cxd4 8.
Nxd4 Nxd4 9. Qxd4 Be7 10. O-O O-O 11. Nd2 Re8 12. Nf3 b6 13. Bb5 Bc5 14. Qd1
Bd7 15. Bxd7 Qxd7 16. Nd4 Re4 17. Be3 Ng4 18. Qf3 Nxe3 19. fxe3 Rae8 20. Rae1
Bxd4 21. cxd4 Qe6 22. h3 f6 23. Kf2 f5 24. Re2 f4 25. Rfe1 fxe3+ 26. Rxe3 Rf8
27. Qxf8+ Kxf8 28. Rf3+ Kg8 29. Rfe3 Rxe3 30. Rxe3 Qf6+ 31. Ke2 Qxd4 32. Re8+
Kf7 33. Ra8 Qxb2+ 34. Kf1 Qxa2 35. Rb8 d4 36. Rb7+ Kf6 37. Rd7 Qb1+ 38. Kf2
Qf5+ 0-1

[Event "4NCL Online Division 6"]
[Site "online"]
[Date "2021.01.26"]
[Round "1.94"]
[White "Pope, Martin"]
[Black "Scully, Pat"]
[Result "1-0"]
[WhiteElo "1651"]
[BlackElo "1495"]
[PlyCount "29"]
[EventDate "2021.01.26"]
[WhiteTeam "Camborne Pendarves"]
[BlackTeam "Jan Luke's Cyberwarriors"]

1. d4 d5 2. Nf3 Nc6 3. Bf4 Bf5 4. c3 Nf6 5. e3 e6 6. Qb3 b6 7. Bb5 Qd7 8. Qa4
Qe7 9. Bxc6+ Nd7 10. Bxa8 Bd3 11. Bc6 h6 12. Ne5 g5 13. Bxd7+ Kd8 14. Qc6 gxf4
15. Qa8# 1-0

[Event "4NCL Online Division 6"]
[Site "online"]
[Date "2021.01.26"]
[Round "1.101"]
[White "Wilkinson, James P"]
[Black "Thackray, John"]
[Result "0-1"]
[WhiteElo "1660"]
[BlackElo "1916"]
[PlyCount "134"]
[EventDate "2021.01.26"]
[WhiteTeam "Shropshire 5"]
[BlackTeam "St Andrews White Cross 1"]

1. d4 d5 2. c4 e6 3. Nc3 Nf6 4. cxd5 exd5 5. Bg5 Nbd7 6. e3 c6 7. Qc2 Be7 8.
Bd3 O-O 9. Nf3 Re8 10. O-O Nf8 11. h3 Ne4 12. Bxe4 Bxg5 13. Nxg5 Qxg5 14. Bf3
Bxh3 15. e4 Qg6 16. Rfe1 Be6 17. Qd1 dxe4 18. Nxe4 Bd5 19. Nd2 Rxe1+ 20. Qxe1
Be6 21. Ne4 Bd5 22. Nd2 Bxf3 23. Nxf3 Ne6 24. Qd2 Qg4 25. Qe3 Nf4 26. g3 Nd5
27. Qe2 h6 28. Re1 Nf6 29. Qd3 Qd7 30. Ne5 Qd5 31. Qc4 Rd8 32. Qxd5 Rxd5 33.
Nf3 Kf8 34. Kg2 Nd7 35. Re2 Nb6 36. b3 Nc8 37. Re3 Nd6 38. Re5 Rxe5 39. dxe5
Nc8 40. Nd2 Nb6 41. Ne4 Nd7 42. f4 c5 43. Nd6 b6 44. Nf5 Nb8 45. Kf3 Nc6 46.
Ke4 h5 47. a3 Na5 48. Kd3 Nxb3 49. Kc3 Na5 50. Nd6 g6 51. Nc8 Nc6 52. Nd6 Nd4
53. Kd2 a6 54. a4 b5 55. axb5 axb5 56. Ne4 Nf5 57. Kc3 Ke7 58. Nxc5 Nxg3 59.
Kb4 h4 60. Nd3 h3 61. Nf2 h2 62. Kxb5 h1=Q 63. Nxh1 Nxh1 64. Kc5 Ke6 65. Kd4
Kf5 66. Ke3 Ng3 67. Kf3 Nh5 0-1

[Event "4NCL Online Division 6"]
[Site "online"]
[Date "2021.01.26"]
[Round "1.102"]
[White "Rich, Aaron"]
[Black "Salter, Ivor"]
[Result "1-0"]
[WhiteElo "1627"]
[BlackElo "1555"]
[PlyCount "89"]
[EventDate "2021.01.26"]
[WhiteTeam "St Andrews White Cross 1"]
[BlackTeam "Shropshire 5"]

1. b3 d5 2. Bb2 c5 3. e3 Nc6 4. f4 Nf6 5. Nf3 e6 6. Bb5 Bd7 7. O-O Be7 8. d3
O-O 9. Nbd2 Ng4 10. Qe1 Nb4 11. Qg3 Bf6 12. Bxf6 Nxf6 13. Bxd7 Qxd7 14. Ne5 Qc7
15. c3 Nc6 16. Ndf3 Ne7 17. Nh4 Rae8 18. f5 exf5 19. Nxf5 Ng6 20. Nxg6 Qxg3 21.
Nfe7+ Rxe7 22. Nxe7+ Kh8 23. hxg3 Ng4 24. Nxd5 f6 25. e4 Ne5 26. Rad1 Re8 27.
d4 cxd4 28. cxd4 Nc6 29. e5 fxe5 30. dxe5 Kg8 31. e6 Rxe6 32. Rde1 Rxe1 33.
Rxe1 Kf7 34. b4 a6 35. a4 h6 36. b5 axb5 37. axb5 Nd8 38. Re7+ Kf8 39. Rd7 Ne6
40. Rxb7 g5 41. b6 Nc5 42. Rb8+ Kf7 43. Rc8 Na6 44. b7 g4 45. Nc7 1-0

[Event "4NCL Online Division 6"]
[Site "online"]
[Date "2021.01.26"]
[Round "1.103"]
[White "Holmes, Nick D"]
[Black "Triffitt, Bradley"]
[Result "0-1"]
[WhiteElo "1534"]
[BlackElo "1549"]
[PlyCount "140"]
[EventDate "2021.01.26"]
[WhiteTeam "Shropshire 5"]
[BlackTeam "St Andrews White Cross 1"]

1. c4 e6 2. Nc3 Nf6 3. d3 Nc6 4. a3 d5 5. cxd5 exd5 6. e3 d4 7. Nb5 a6 8. Nxd4
Nxd4 9. exd4 Qxd4 10. Nf3 Qd5 11. Be2 Bd6 12. Qa4+ Bd7 13. Qc4 Qf5 14. Nh4 Qe5
15. Nf3 Qe7 16. Be3 Bb5 17. Qb3 Ng4 18. Bd4 Ne5 19. O-O O-O 20. Rfe1 Rfe8 21.
Bxe5 Bxe5 22. Bf1 Qf6 23. Nxe5 Rxe5 24. Rxe5 Qxe5 25. Rc1 Bc6 26. Qc3 Re8 27.
Qxe5 Rxe5 28. h3 Kf8 29. Kh2 Ke7 30. b4 Kd6 31. g3 Rf5 32. f4 a5 33. d4 h5 34.
Bd3 Rd5 35. Be4 Rxd4 36. Bxc6 bxc6 37. Rc5 axb4 38. axb4 h4 39. Rh5 Rd2+ 40.
Kg1 hxg3 41. Rg5 g6 42. Rxg3 Rd4 43. Rf3 Rxb4 44. Rd3+ Ke6 45. Re3+ Kf6 46. Rc3
Rb6 47. Kg2 Ke6 48. Kg3 Kd7 49. Rd3+ Ke6 50. Kg4 Rb5 51. Re3+ Kd6 52. Rd3+ Rd5
53. Rc3 c5 54. Ra3 c4 55. Kf3 Rd3+ 56. Rxd3+ cxd3 57. Ke3 Ke6 58. Kxd3 Kf5 59.
Ke3 c5 60. Kd3 Kxf4 61. Kc4 Ke4 62. Kxc5 f5 63. h4 f4 64. Kd6 f3 65. Ke6 f2 66.
Kf6 f1=Q+ 67. Kxg6 Ke5 68. h5 Ke6 69. h6 Qg2+ 70. Kh7 Kf7 0-1

[Event "4NCL Online Division 6"]
[Site "online"]
[Date "2021.01.26"]
[Round "1.104"]
[White "Scott, Ian"]
[Black "Jones, Andrew"]
[Result "1-0"]
[WhiteElo "1578"]
[BlackElo "1506"]
[PlyCount "67"]
[EventDate "2021.01.26"]
[WhiteTeam "St Andrews White Cross 1"]
[BlackTeam "Shropshire 5"]

1. e4 c5 2. d4 cxd4 3. c3 d5 4. Qxd4 Nf6 5. e5 Nc6 6. Bb5 Ng8 7. Ne2 e6 8. O-O
Bd7 9. Bxc6 Bxc6 10. Be3 Ne7 11. Ng3 Ng6 12. Nd2 Be7 13. f4 Qc7 14. Rae1 b6 15.
Qd3 Rb8 16. Nb3 a5 17. Nd4 Bd7 18. Nh5 O-O 19. Bd2 Bc5 20. Kh1 Kh8 21. Be3 b5
22. Rf3 Ne7 23. Rh3 Bxd4 24. Nxg7 Ng6 25. f5 exf5 26. Bxd4 Nf4 27. Qe3 Nxh3 28.
e6 f6 29. Qxh3 Be8 30. Nxf5 Bg6 31. e7 Bxf5 32. exf8=Q+ Rxf8 33. Qxf5 Kg7 34.
Qg5+ 1-0

[Event "4NCL Online Division 6"]
[Site "online"]
[Date "2021.01.26"]
[Round "1.111"]
[White "Davies, Adrian"]
[Black "Vann, Richard P"]
[Result "0-1"]
[WhiteElo "1676"]
[BlackElo "1829"]
[PlyCount "46"]
[EventDate "2021.01.26"]
[WhiteTeam "Morriston Benko"]
[BlackTeam "Ashby Ivanhoe"]

1. e4 d5 2. d4 dxe4 3. Nc3 Nf6 4. f3 exf3 5. Nxf3 g6 6. Bc4 Bg7 7. O-O O-O 8.
Bf4 c6 9. a3 Nbd7 10. Bb3 Nb6 11. Qd2 Nbd5 12. Nxd5 Nxd5 13. c3 Nxf4 14. Qxf4
Qb6 15. Bc4 Be6 16. Bxe6 fxe6 17. Qd2 e5 18. Qe2 exd4 19. Qe6+ Kh8 20. Ng5
dxc3+ 21. Kh1 cxb2 22. Rxf8+ Rxf8 23. Rb1 Qf2 0-1

[Event "4NCL Online Division 6"]
[Site "online"]
[Date "2021.01.26"]
[Round "1.112"]
[White "Wilson, Andrew B"]
[Black "Smith, Andrew R"]
[Result "1/2-1/2"]
[WhiteElo "1654"]
[BlackElo "1692"]
[PlyCount "66"]
[EventDate "2021.01.26"]
[WhiteTeam "Ashby Ivanhoe"]
[BlackTeam "Morriston Benko"]

1. d4 d5 2. Bf4 Nf6 3. e3 e6 4. Nd2 c5 5. c3 Nc6 6. Ngf3 Bd6 7. Bxd6 Qxd6 8.
Bd3 O-O 9. O-O e5 10. dxe5 Nxe5 11. Nxe5 Qxe5 12. Nf3 Qh5 13. h3 Ne4 14. Nd2
Qe5 15. Nxe4 dxe4 16. Bc4 Be6 17. Qe2 f5 18. Rad1 f4 19. exf4 Rxf4 20. Bxe6+
Qxe6 21. Qe3 Qf5 22. c4 b6 23. Rd5 Qf6 24. Rfd1 Rf8 25. R1d2 Qf7 26. b3 Qf6 27.
Rd7 Qa1+ 28. Kh2 Qe5 29. R7d5 Qf6 30. Kg1 Qa1+ 31. Kh2 Qf6 32. Kg1 Qa1+ 33. Kh2
Qf6 1/2-1/2

[Event "4NCL Online Division 6"]
[Site "online"]
[Date "2021.01.26"]
[Round "1.113"]
[White "Jones, Huw"]
[Black "Hayden, Lawrence F"]
[Result "1-0"]
[WhiteElo "1657"]
[BlackElo "1653"]
[PlyCount "45"]
[EventDate "2021.01.26"]
[WhiteTeam "Morriston Benko"]
[BlackTeam "Ashby Ivanhoe"]

1. e4 e5 2. Nf3 Nf6 3. Nc3 Nc6 4. d4 exd4 5. Nxd4 Bb4 6. Nxc6 bxc6 7. Bd3 d5 8.
exd5 cxd5 9. O-O O-O 10. Bg5 Be6 11. Qf3 Be7 12. h3 Rb8 13. Rab1 c5 14. Rfd1 h6
15. Bh4 Qa5 16. a3 Rb7 17. Bg3 Nd7 18. Nxd5 Bxd5 19. Qxd5 Qb6 20. Be4 Rfb8 21.
Bxb8 Rxb8 22. Qxd7 Qf6 23. Qf5 1-0

[Event "4NCL Online Division 6"]
[Site "online"]
[Date "2021.01.26"]
[Round "1.114"]
[White "Wyld, Nick M"]
[Black "Williams, Luke"]
[Result "0-1"]
[WhiteElo "1439"]
[BlackElo "1642"]
[PlyCount "66"]
[EventDate "2021.01.26"]
[WhiteTeam "Ashby Ivanhoe"]
[BlackTeam "Morriston Benko"]

1. e4 c5 2. Nf3 d6 3. d4 cxd4 4. Nxd4 a6 5. Bc4 g6 6. Qf3 Nf6 7. O-O Bg7 8. h3
O-O 9. Be3 Nbd7 10. Nd2 Ne5 11. Qe2 Qc7 12. Bb3 Bd7 13. f4 Nc6 14. Nxc6 Bxc6
15. Bd4 Rfc8 16. e5 Bb5 17. c4 dxe5 18. fxe5 Nh5 19. cxb5 Ng3 20. Bxf7+ Kh8 21.
Qe3 Nxf1 22. Rxf1 Rd8 23. b6 Qd7 24. Nb3 Rac8 25. Kh1 Rc2 26. Qe4 Qb5 27. Re1
Rc6 28. Qh4 Rf8 29. Bxg6 Rxg6 30. Qe4 Rf1+ 31. Rxf1 Qxf1+ 32. Kh2 Bh6 33. Be3
Bxe3 0-1

[Event "4NCL Online Division 6"]
[Site "online"]
[Date "2021.01.26"]
[Round "1.121"]
[White "Marshall, Duncan"]
[Black "Clark, Richard"]
[Result "0-1"]
[WhiteElo "1649"]
[BlackElo "1885"]
[PlyCount "68"]
[EventDate "2021.01.26"]
[WhiteTeam "Hertford 3"]
[BlackTeam "Cornish Pirates"]

1. d4 g6 2. e3 Bg7 3. Bd3 d6 4. f4 Nd7 5. Nf3 c5 6. c3 Ngf6 7. O-O Nf8 8. Nbd2
Be6 9. Ne4 Nxe4 10. Bxe4 d5 11. Bc2 c4 12. Ne5 Qc7 13. e4 O-O-O 14. Qf3 f6 15.
Ng4 dxe4 16. Bxe4 f5 17. Bxb7+ Qxb7 18. Ne5 Bd5 19. Qe2 Bxe5 20. dxe5 e6 21.
Be3 Nd7 22. Rfb1 Nb6 23. a4 Be4 24. Rc1 Bd3 25. Qf2 Rd7 26. a5 Nd5 27. Bd4 h6
28. a6 Qc7 29. Ra4 g5 30. fxg5 hxg5 31. Rca1 Rdh7 32. h3 g4 33. Ra5 gxh3 34. g3
h2+ 0-1

[Event "4NCL Online Division 6"]
[Site "online"]
[Date "2021.01.26"]
[Round "1.122"]
[White "JimÃ©nez PatiÃ±o, Manuel David"]
[Black "Tuveri, Aaron"]
[Result "0-1"]
[WhiteElo "1704"]
[BlackElo "1713"]
[PlyCount "80"]
[EventDate "2021.01.26"]
[WhiteTeam "Cornish Pirates"]
[BlackTeam "Hertford 3"]

1. c4 c5 2. g3 Nc6 3. Bg2 g6 4. Nc3 e5 5. d3 Bg7 6. Nf3 Nge7 7. O-O O-O 8. Rb1
d6 9. Ne1 f5 10. Bg5 h6 11. Bxe7 Nxe7 12. Nc2 a5 13. a3 a4 14. Ne3 Bd7 15. Bxb7
Ra7 16. Bg2 f4 17. Ned5 Nf5 18. Ne4 Be6 19. Nec3 h5 20. Nxa4 Qg5 21. Nac3 h4
22. Ne4 Qh6 23. g4 h3 24. Bxh3 Qxh3 25. Ng5 Qxg4+ 26. Kh1 Bxd5+ 27. cxd5 Qxg5
28. Rg1 Qh5 29. e4 Qxd1 30. Rbxd1 Nh4 31. Ra1 Rb8 32. Ra2 Rab7 33. Rb1 Rb3 34.
a4 Ra8 35. a5 Ra6 36. Rd1 Bf6 37. Rc1 Bd8 38. Rc3 Rxc3 39. bxc3 Rxa5 40. Rb2
Ra1+ 0-1

[Event "4NCL Online Division 6"]
[Site "online"]
[Date "2021.01.26"]
[Round "1.123"]
[White "Wooster, Nick"]
[Black "Robinson, Neil"]
[Result "1/2-1/2"]
[WhiteElo "1649"]
[BlackElo "1657"]
[PlyCount "94"]
[EventDate "2021.01.26"]
[WhiteTeam "Hertford 3"]
[BlackTeam "Cornish Pirates"]

1. d4 Nf6 2. c4 g6 3. Nc3 d5 4. cxd5 Nxd5 5. e4 Nxc3 6. bxc3 Bg7 7. Bc4 O-O 8.
Ne2 c5 9. O-O Nc6 10. Be3 cxd4 11. cxd4 a6 12. Qd2 b5 13. Bb3 Bb7 14. Rac1 Na5
15. f3 Nxb3 16. axb3 e6 17. Rfd1 Rc8 18. Bh6 Bxh6 19. Qxh6 Qb6 20. Kf1 b4 21.
Rxc8 Rxc8 22. Rc1 a5 23. Rxc8+ Bxc8 24. Qc1 Ba6 25. Qc5 Qb5 26. Qxb5 Bxb5 27.
Ke1 a4 28. bxa4 Bxa4 29. Kd2 Bb5 30. Nc1 Bc4 31. Kc2 Bf1 32. g3 Bg2 33. f4
Bxe4+ 34. Kb3 Kf8 35. Kxb4 Ke7 36. Kc5 Kf6 37. Kd6 h6 38. Nb3 g5 39. Nc5 Bf3
40. Nd7+ Kf5 41. fxg5 hxg5 42. Ne5 Bh5 43. Ke7 Ke4 44. Nxf7 Kf5 45. Nd8 e5 46.
dxe5 Kxe5 47. Nf7+ Kf5 1/2-1/2

[Event "4NCL Online Division 6"]
[Site "online"]
[Date "2021.01.26"]
[Round "1.124"]
[White "Steele, Beatrice"]
[Black "Lynch, Mark"]
[Result "1-0"]
[WhiteElo "1612"]
[BlackElo "1447"]
[PlyCount "109"]
[EventDate "2021.01.26"]
[WhiteTeam "Cornish Pirates"]
[BlackTeam "Hertford 3"]

1. d4 d5 2. Nf3 Nf6 3. e3 Nc6 4. Bd3 e6 5. O-O Bd6 6. Nbd2 O-O 7. b3 e5 8. dxe5
Nxe5 9. Bb2 Nxd3 10. cxd3 Re8 11. Qc2 c6 12. d4 Ne4 13. Nxe4 Rxe4 14. Ne5 f6
15. Nf3 Bg4 16. Nd2 Re7 17. a4 Qc7 18. h3 Bh5 19. Ba3 Bxa3 20. Rxa3 Bg6 21. Qc3
Qd6 22. b4 a6 23. Qc5 Qxc5 24. bxc5 Rb8 25. a5 Bc2 26. Rc1 Bf5 27. g4 Be4 28.
Nxe4 Rxe4 29. Rb3 Kf8 30. Rcb1 Re7 31. Rb6 Rc7 32. Rxa6 Ke8 33. Rab6 Kd8 34. a6
Kc8 35. axb7+ Rbxb7 36. Rxb7 Rxb7 37. Rxb7 Kxb7 38. f3 Kc7 39. e4 dxe4 40. fxe4
Kd7 41. Kf2 g6 42. Ke3 h6 43. d5 Kc7 44. dxc6 Kxc6 45. Kd4 h5 46. gxh5 gxh5 47.
h4 Kd7 48. Kd5 Kc7 49. c6 Kc8 50. Kd6 Kd8 51. c7+ Kc8 52. Ke6 Kxc7 53. Kxf6 Kd6
54. e5+ Kd7 55. Kf7 1-0

[Event "4NCL Online Division 6"]
[Site "online"]
[Date "2021.01.26"]
[Round "1.131"]
[White "Jones, Tim"]
[Black "Munshi, Aryan"]
[Result "1/2-1/2"]
[WhiteElo "1698"]
[BlackElo "1148"]
[PlyCount "148"]
[EventDate "2021.01.26"]
[WhiteTeam "Wessex Some Stars E"]
[BlackTeam "Phones Pals Rooks"]

1. e4 e5 2. Nf3 Nc6 3. Bb5 Nf6 4. O-O Nxe4 5. d4 Nd6 6. Bxc6 dxc6 7. dxe5 Nf5
8. Qxd8+ Kxd8 9. Nc3 Be6 10. Bg5+ Be7 11. Rad1+ Ke8 12. Bxe7 Kxe7 13. g4 Nh6
14. h3 Rhd8 15. Nd4 g6 16. Nxe6 fxe6 17. f4 Nf7 18. Ne4 h6 19. h4 b6 20. Kf2 g5
21. hxg5 hxg5 22. Nxg5 Nxg5 23. fxg5 Rg8 24. Kg3 Rxg5 25. Rfe1 Rf8 26. Rd2 Rfg8
27. Re4 c5 28. Rh2 R5g7 29. c4 Rd8 30. Rhe2 Rd1 31. Kg2 Rd4 32. Kg3 Rd3+ 33.
R2e3 Rd2 34. Re2 Rd4 35. b3 Rf7 36. g5 Rf5 37. Rxd4 cxd4 38. Kg4 Kf7 39. Rh2
Kg7 40. Re2 Kg6 41. b4 Rxg5+ 42. Kf4 Rf5+ 43. Ke4 c5 44. bxc5 bxc5 45. Rb2 Rf1
46. Rb7 Re1+ 47. Kd3 Re3+ 48. Kd2 Ra3 49. Rb5 Rxa2+ 50. Kd3 Ra3+ 51. Kd2 Kf5
52. Rxc5 Re3 53. Ra5 Rc3 54. Rxa7 Rxc4 55. Kd3 Rb4 56. Ra5 Kf4 57. Rc5 Ra4 58.
Rb5 Kf5 59. Rc5 Ra3+ 60. Kxd4 Ra4+ 61. Kd3 Re4 62. Ra5 Rxe5 63. Rxe5+ Kxe5 64.
Ke3 Kf5 65. Kf3 Ke5 66. Ke3 Kd5 67. Kd3 e5 68. Ke3 e4 69. Ke2 Kd4 70. Kd2 e3+
71. Ke2 Ke4 72. Ke1 Kf3 73. Kf1 e2+ 74. Ke1 Ke3 1/2-1/2

[Event "4NCL Online Division 6"]
[Site "online"]
[Date "2021.01.26"]
[Round "1.132"]
[White "Suyal, Nivedita"]
[Black "Joyce, Tim"]
[Result "1-0"]
[WhiteElo "1072"]
[BlackElo "1698"]
[PlyCount "97"]
[EventDate "2021.01.26"]
[WhiteTeam "Phones Pals Rooks"]
[BlackTeam "Wessex Some Stars E"]

1. e4 c5 2. Nf3 d6 3. h3 Nf6 4. Nc3 g6 5. Bc4 Bg7 6. d3 a6 7. a3 b5 8. Ba2 Nc6
9. Bg5 Rb8 10. O-O b4 11. axb4 Rxb4 12. Rb1 O-O 13. Re1 Qb6 14. Bb3 Re8 15.
Bxf6 Bxf6 16. Nd5 Qb7 17. Nxb4 Qxb4 18. Qd2 Qb6 19. Ba4 Bb7 20. Bxc6 Qxc6 21.
Qe2 e5 22. c4 Qd7 23. b3 Rf8 24. Nh2 Bg7 25. Qg4 f5 26. exf5 Rxf5 27. Qg3 Qe7
28. Qe3 Rg5 29. Nf3 Rf5 30. b4 Qf6 31. Nh2 cxb4 32. Rxb4 Qf7 33. Reb1 Bc6 34.
Rb6 Bd7 35. Rb8+ Bf8 36. Ng4 Be8 37. R1b7 Qe6 38. Rb6 h5 39. Nh6+ Bxh6 40. Qxh6
Rf7 41. R6b7 Rxb7 42. Rxb7 Bd7 43. Ra7 Qf5 44. Rxa6 e4 45. Rxd6 exd3 46. Rxg6+
Kf7 47. Rg7+ Ke8 48. Qh8+ Qf8 49. Qxf8+ 1-0

[Event "4NCL Online Division 6"]
[Site "online"]
[Date "2021.01.26"]
[Round "1.133"]
[White "Hillman, Graham"]
[Black "Benson, Alice"]
[Result "1-0"]
[WhiteElo "1662"]
[BlackElo "740"]
[PlyCount "47"]
[EventDate "2021.01.26"]
[WhiteTeam "Wessex Some Stars E"]
[BlackTeam "Phones Pals Rooks"]

1. d4 Nf6 2. Nc3 d5 3. Bg5 e6 4. e4 h6 5. Bxf6 Qxf6 6. e5 Qd8 7. Nf3 c5 8. Bb5+
Bd7 9. O-O Bxb5 10. Nxb5 Qb6 11. a4 cxd4 12. Nbxd4 Qxb2 13. Rb1 Qa3 14. Rxb7
Qxa4 15. Qb1 Nd7 16. Qb2 Bc5 17. Ra1 Qc4 18. Rxd7 Bxd4 19. Qb7 Qc8 20. Nxd4 Rb8
21. Re7+ Kf8 22. Rxf7+ Kg8 23. Rxg7+ Kf8 24. Qf7# 1-0

[Event "4NCL Online Division 6"]
[Site "online"]
[Date "2021.01.26"]
[Round "1.134"]
[White "Srivastava, Aditya"]
[Black "Smith, Steven J"]
[Result "0-1"]
[WhiteElo "654"]
[BlackElo "1658"]
[PlyCount "58"]
[EventDate "2021.01.26"]
[WhiteTeam "Phones Pals Rooks"]
[BlackTeam "Wessex Some Stars E"]

1. d4 Nf6 2. Bf4 g6 3. Nc3 d5 4. e3 Bg7 5. h4 c6 6. f3 Nh5 7. Bh2 e6 8. Bxb8
Rxb8 9. a4 Ng3 10. Rh3 Nxf1 11. Kxf1 e5 12. Rh1 exd4 13. exd4 O-O 14. h5 Qf6
15. Nge2 Bd7 16. Qd3 Rbe8 17. Re1 Bf5 18. Qd2 Re7 19. b4 Rfe8 20. b5 g5 21. a5
h6 22. a6 bxa6 23. bxa6 Qd6 24. Na4 Qa3 25. Nc5 Qb2 26. Nd3 Bxd3 27. Qxd3 Bxd4
28. c3 Bxc3 29. Rb1 Qxe2+ 0-1

[Event "4NCL Online Division 6"]
[Site "online"]
[Date "2021.01.26"]
[Round "1.141"]
[White "Buanne, Luca"]
[Black "Caceres de la Calle, Eduardo"]
[Result "1-0"]
[WhiteElo "1903"]
[BlackElo "1709"]
[PlyCount "97"]
[EventDate "2021.01.26"]
[WhiteTeam "Battersea Juniors"]
[BlackTeam "Hackney Hungry"]

1. d4 d5 2. c4 c6 3. Nf3 Nf6 4. Nc3 e6 5. Bg5 h6 6. Bh4 Bd6 7. e4 dxe4 8. Nxe4
Qa5+ 9. Nc3 Bb4 10. Qc2 Ne4 11. Rc1 Bxc3+ 12. bxc3 f5 13. Nd2 Nxd2 14. Qxd2 g5
15. Bxg5 hxg5 16. Qxg5 Qd8 17. Qg6+ Kf8 18. Be2 Qe7 19. Qg3 Bd7 20. h4 Be8 21.
Rb1 Bh5 22. Bd3 Rg8 23. Qf4 Qf7 24. Qh6+ Ke8 25. g3 b6 26. d5 Qg6 27. Qf4 Rg7
28. O-O c5 29. Rfe1 Re7 30. dxe6 Nc6 31. Bxf5 Qf6 32. Be4 Qxf4 33. Bxc6+ Kf8
34. gxf4 Rc8 35. Bd7 Rc7 36. Re5 Bg4 37. Rbe1 Bh3 38. Kh2 Bg4 39. f5 Kg7 40. f3
Bh5 41. Rg1+ Kf6 42. f4 Rb7 43. Rg5 Be8 44. Bxe8 Rxe8 45. Rg6+ Ke7 46. f6+ Kf8
47. f7 Rd8 48. Rg8+ Ke7 49. Rxd8 1-0